00818nam a2200181 a 450000100100000000500170001000800410002702000180006804000250008624500760011126000720018730000200025959000250027995201050030495201050040995201050051499900170061900004677120201002053119.0180322s2015 dr 000 spa d a9789945590227 aDO-SdBNPbspacBNPHU 0aDominican Republic and P.R. China :. :bexchange, trade and investment. aSanto Domingo :bFundación Global Democracia y Desarrollo,c2015. a45 p. ;c21 cm. aInventariado,2018/DG 0010718PDaGRbGRcHDd2018-03-22iLF1l0o p46771-30r2020-06-25w2020-06-25yLFPDZNo se presta 0010718PDaPDbPDcHDd2018-03-22iLF1l0o p46771-10r2020-06-25w2020-06-25yLFPDZNo se presta 0010718PDaPDbPDcHDd2018-03-22iLF1l0o p46771-20r2020-06-25w2020-06-25yLFPDZNo se presta c46260d46260